[Event "Rajapalayam Ramco op"]
[Site "Rajapalayam"]
[Date "2019.12.03"]
[Round "7"]
[White "Sree, Veeramani P"]
[Black "Manigandan, SS."]
[Result "0-1"]
[WhiteElo "1748"]
[BlackElo "2174"]
[PlyCount "58"]
[EventDate "2019.11.30"]
[EventType "swiss"]
[EventRounds "8"]
[EventCountry "IND"]
[SourceTitle "CBM 193 Extra"]
[Source "ChessBase"]
[SourceDate "2020.01.31"]
[SourceVersion "1"]
[SourceVersionDate "2020.01.31"]
[SourceQuality "1"]

1. e4 c5 2. Nf3 e6 3. d4 cxd4 4. Nxd4 Nc6 5. c4 Nf6 6. Nc3 Bb4 7. f3 d5 8. cxd5 exd5 9. Bb5 0-0 10. Nxc6 bxc6 11. Bxc6 Nxe4 12. Qd4 Bc5 13. Qxd5 Qh4+ 14. g3 Bf2+ 15. Kd1 Nxg3 16. Bg5 Qh3 17. Bxa8 Nxh1 18. Kd2 Be6 19. Qe4 Qxh2 20. f4 Be1+ 21. Kxe1 Qf2+ 22. Kd1 Qxb2 23. Qxh1 Qxa1+ 24. Kd2 Qb2+ 25. Kd3 Rc8 26. Nd5 Bf5+ 27. Ke3 Qa3+ 28. Kd4 Qd3+ 29. Ke5 Qe2+ 0-1

[Event "Goa op 2nd"]
[Site "Taleigao"]
[Date "2019.06.18"]
[Round "1"]
[White "Turov, Maxim"]
[Black "Manigandan, SS."]
[Result "1-0"]
[WhiteElo "2579"]
[BlackElo "2131"]
[PlyCount "103"]
[EventDate "2019.06.18"]
[EventType "swiss"]
[EventRounds "10"]
[EventCountry "IND"]
[SourceTitle "CBM 191 Extra"]
[Source "ChessBase"]
[SourceDate "2019.09.30"]
[SourceVersion "1"]
[SourceVersionDate "2019.09.30"]
[SourceQuality "1"]

1. d4 Nf6 2. Nf3 g6 3. g3 Bg7 4. Bg2 d5 5. 0-0 0-0 6. c4 c6 7. Qb3 Qb6 8. Nc3 Rd8 9. Bd2 dxc4 10. Qxc4 Be6 11. Qa4 Bf5 12. Qa3 Bf8 13. Na4 Qa6 14. Rfe1 Nbd7 15. Qb3 Ne4 16. Ng5 Nxg5 17. Bxg5 Be6 18. Qc2 f6 19. Bf4 Qc4 20. Qxc4 Bxc4 21. b3 Bf7 22. Red1 e5 23. Be3 Nb6 24. Nc5 Bxc5 25. dxc5 Nd5 26. Bd2 a5 27. Be1 Nb4 28. Rdc1 Be6 29. a3 Nd5 30. Rd1 Re8 31. Rab1 Nc7 32. e3 Nb5 33. a4 Nc7 34. Bf1 Na6 35. Rdc1 Bf5 36. Rb2 Nb4 37. Bxb4 axb4 38. Rc4 Ra5 39. Rxb4 Rxc5 40. Bc4+ Kh8 41. Rxb7 Rd8 42. Kg2 Rd1 43. Be2 Ra1 44. b4 Rcc1 45. Rd2 Be4+ 46. f3 Rg1+ 47. Kf2 Bd5 48. e4 Bg8 49. Rb8 Rh1 50. Bc4 Rxh2+ 51. Ke3 Re1+ 52. Kd3 1-0

[Event "Udaipur Lakecity op 3rd"]
[Site "Udaipur"]
[Date "2019.03.28"]
[Round "2"]
[White "Akshit, Jha"]
[Black "Manigandan, SS."]
[Result "0-1"]
[WhiteElo "1508"]
[BlackElo "2157"]
[PlyCount "94"]
[EventDate "2019.03.28"]
[EventType "swiss"]
[EventRounds "8"]
[EventCountry "IND"]
[SourceTitle "CBM 189 Extra"]
[Source "ChessBase"]
[SourceDate "2019.05.31"]
[SourceVersion "1"]
[SourceVersionDate "2019.05.31"]
[SourceQuality "1"]

1. e4 c5 2. Nf3 e6 3. c4 Nc6 4. Nc3 Nf6 5. a3 d5 6. cxd5 exd5 7. exd5 Nxd5 8. Bb5 Be7 9. 0-0 0-0 10. Bxc6 bxc6 11. d4 cxd4 12. Nxd5 Qxd5 13. Qxd4 Qxd4 14. Nxd4 c5 15. Nb5 a6 16. Nc3 Rb8 17. Re1 Be6 18. Re2 Rb3 19. Be3 c4 20. Ne4 Rfb8 21. Bd4 Rd3 22. Bc3 h6 23. h3 Bd5 24. Ng3 Bf8 25. Nf5 Be6 26. Nd4 Bd7 27. Nf3 Be6 28. Ne5 Rd6 29. Re4 Rc8 30. Rae1 Rb6 31. Rd1 Rb3 32. Re3 Be7 33. Nf3 Bc5 34. Nd4 Rd8 35. Re5 Bxa3 36. Rd2 Bxb2 37. Nxb3 Rxd2 38. Nxd2 Bxc3 39. Re2 Ba1 40. Nb1 c3 41. Rc2 Bf5 42. Rxc3 Bxc3 43. Nxc3 Kf8 44. Nd5 a5 45. Kf1 a4 46. Ke2 a3 47. Nb4 Bb1 0-1